[Event "DVM U12 2020"]
[Site "Magdeburg GER"]
[Date "2021.08.06"]
[Round "4"]
[White "Sajka, Noah"]
[Black "Mombauer, Felix"]
[Result "1-0"]
[Termination "normal"]
[Board "5.2"]
[WhiteElo "1393"]
[BlackElo "1177"]
[WhiteClock "01:30:39"]
[BlackClock "01:38:55"]
[WhiteTeam "SC Garching 1980 e.V."]
[BlackTeam "Tischtennisclub Grün-Weiß Fritzdorf 1958 e. V."]
[PlyCount "67"]
[WhiteFideId "34608192"]
[BlackFideId "34608249"]
[EventCountry "GER"]
[EventRounds "7"]
[EventType "team-swiss"]
[EventDate "2021.08.04"]

1. e4 {[%clk 01:30:59]} {[%emt 00:03:19]} c5 {[%clk 01:30:54]} 2. c3 {[%clk
01:31:16]} e6 {[%clk 01:31:16]} 3. d4 {[%clk 01:31:42]} d5 {[%clk 01:31:38]} 4.
e5 {[%clk 01:31:59]} {[%emt 00:00:12]} Nc6 {[%clk 01:31:59]} 5. f4 {[%clk
01:31:51]} Bd7 {[%clk 01:32:18]} 6. Nf3 {[%clk 01:31:58]} f6 {[%clk 01:32:33]}
7. Bd3 {[%clk 01:32:01]} {[%emt 00:00:04]} c4 {[%clk 01:32:52]} 8. Bc2 {[%clk
01:31:36]} Be7 {[%clk 01:33:10]} 9. O-O {[%clk 01:31:33]} Nh6 {[%clk 01:33:17]}
10. Re1 {[%clk 01:31:32]} {[%emt 00:00:14]} f5 {[%clk 01:33:35]} {[%emt
00:14:34]} 11. b3 {[%clk 01:31:15]} cxb3 {[%clk 01:33:40]} 12. axb3 {[%clk
01:31:38]} Qb6 {[%clk 01:33:50]} 13. h3 {[%clk 01:31:19]} O-O-O {[%clk
01:34:09]} {[%emt 00:00:04]} 14. Be3 {[%clk 01:31:27]} Qc7 {[%clk 01:34:12]}
15. Nbd2 {[%clk 01:30:44]} Rhg8 {[%clk 01:34:26]} 16. Ng5 {[%clk 01:30:10]}
Bxg5 {[%clk 01:34:38]} {[%emt 00:00:10]} 17. fxg5 {[%clk 01:30:35]} Nf7 {[%clk
01:35:01]} 18. h4 {[%clk 01:30:33]} h6 {[%clk 01:35:15]} 19. g6 {[%clk
01:30:40]} {[%emt 00:00:04]} Nh8 {[%clk 01:35:29]} 20. h5 {[%clk 01:31:02]}
Rdf8 {[%clk 01:35:43]} 21. Bf4 {[%clk 01:31:09]} Qd8 {[%clk 01:35:57]} 22. g3
{[%clk 01:31:22]} Ne7 {[%clk 01:36:14]} {[%emt 00:00:08]} 23. Rxa7 {[%clk
01:31:28]} Qb6 {[%clk 01:36:32]} 24. Ra8+ {[%clk 01:31:05]} Kc7 {[%clk
01:36:54]} 25. Rxf8 {[%clk 01:31:26]} Rxf8 {[%clk 01:37:20]} 26. Nf3 {[%clk
01:30:41]} {[%emt 00:23:01]} Nhxg6 27. hxg6 Nxg6 {[%clk 01:37:24]} 28. Bc1
{[%clk 01:30:16]} f4 {[%clk 01:37:42]} 29. Bxg6 {[%clk 01:30:15]} fxg3 {[%clk
01:37:53]} {[%emt 00:00:05]} 30. Ba3 {[%clk 01:29:57]} Rh8 {[%clk 01:38:03]}
31. Bd6+ {[%clk 01:30:00]} Kc6 {[%clk 01:38:20]} 32. c4 {[%clk 01:29:56]} dxc4
{[%clk 01:38:36]} 33. Be4+ {[%clk 01:30:19]} Kb5 {[%clk 01:38:55]} {[%emt
00:00:04]} 34. bxc4+ {[%clk 01:30:39]} 1-0

[Event "DVM U12 2020"]
[Site "Magdeburg GER"]
[Date "2021.08.06"]
[Round "4"]
[White "Mende, Lukas"]
[Black "Lange, Tobias"]
[Result "0-1"]
[Termination "normal"]
[Board "5.3"]
[WhiteElo "1044"]
[BlackElo "1399"]
[WhiteClock "01:31:47"]
[BlackClock "01:23:34"]
[WhiteTeam "Tischtennisclub Grün-Weiß Fritzdorf 1958 e. V."]
[BlackTeam "SC Garching 1980 e.V."]
[PlyCount "52"]
[WhiteFideId "34608257"]
[BlackFideId "34608281"]
[EventCountry "GER"]
[EventRounds "7"]
[EventType "team-swiss"]
[EventDate "2021.08.04"]

1. e4 {[%clk 01:30:59]} e5 {[%clk 01:30:56]} 2. Nf3 {[%clk 01:31:25]} {[%emt
00:00:13]} Nf6 {[%clk 01:31:21]} 3. Nc3 {[%clk 01:31:47]} Bb4 {[%clk 01:31:43]}
{[%emt 00:00:06]} 4. Bc4 {[%clk 01:32:07]} {[%emt 00:00:33]} d6 {[%clk
01:31:24]} {[%emt 00:04:44]} 5. d3 {[%clk 01:32:20]} Bg4 {[%clk 01:30:56]} 6.
O-O {[%clk 01:32:24]} Nc6 {[%clk 01:28:53]} 7. Bg5 {[%clk 01:32:48]} {[%emt
00:00:08]} h6 {[%clk 01:28:02]} {[%emt 00:01:16]} 8. Bxf6 {[%clk 01:33:03]}
{[%emt 00:00:15]} gxf6 {[%clk 01:27:23]} {[%emt 00:01:30]} 9. h3 {[%clk
01:33:22]} {[%emt 00:02:49]} Bh5 {[%clk 01:27:11]} 10. Qe2 {[%clk 01:33:11]}
Nd4 {[%clk 01:27:14]} 11. Qe3 {[%clk 01:33:17]} Nxc2 {[%clk 01:27:13]} 12. Qd2
{[%clk 01:32:55]} {[%emt 00:00:37]} Nxa1 {[%clk 01:27:18]} {[%emt 00:00:26]}
13. g4 {[%clk 01:33:13]} {[%emt 00:00:13]} Bxc3 {[%clk 01:26:32]} {[%emt
00:01:15]} 14. bxc3 {[%clk 01:33:35]} {[%emt 00:00:29]} Bg6 {[%clk 01:26:10]}
{[%emt 00:01:34]} 15. Bb5+ {[%clk 01:33:42]} c6 {[%clk 01:26:20]} 16. Bc4
{[%clk 01:33:55]} b5 {[%clk 01:25:59]} {[%emt 00:00:46]} 17. Rxa1 {[%clk
01:33:53]} {[%emt 00:00:40]} bxc4 {[%clk 01:26:17]} {[%emt 00:00:09]} 18. d4
{[%clk 01:32:35]} {[%emt 00:01:44]} Bxe4 {[%clk 01:25:51]} {[%emt 00:00:57]}
19. Nh4 {[%clk 01:32:32]} {[%emt 00:04:56]} f5 {[%clk 01:25:31]} 20. f3 {[%clk
01:31:11]} Qxh4 {[%clk 01:24:39]} 21. fxe4 {[%clk 01:31:29]} Qxh3 {[%clk
01:24:11]} {[%emt 00:03:32]} 22. dxe5 {[%clk 01:31:17]} Qxg4+ {[%clk 01:24:21]}
23. Kf1 {[%clk 01:31:33]} Qf3+ {[%clk 01:24:02]} 24. Ke1 {[%clk 01:31:06]}
{[%emt 00:00:39]} Qh1+ {[%clk 01:24:12]} 25. Ke2 {[%clk 01:31:29]} {[%emt
00:09:21]} Qg2+ {[%clk 01:23:32]} 26. Ke3 {[%clk 01:31:47]} f4+ {[%clk
01:23:34]} 0-1

[Event "DVM U12 2020"]
[Site "Magdeburg GER"]
[Date "2021.08.06"]
[Round "4"]
[White "Chua, Daniel James"]
[Black "Mende, Alexander"]
[Result "1-0"]
[Termination "normal"]
[Board "5.4"]
[WhiteElo "1477"]
[BlackElo "866"]
[WhiteClock "01:29:37"]
[BlackClock "01:13:32"]
[WhiteTeam "SC Garching 1980 e.V."]
[BlackTeam "Tischtennisclub Grün-Weiß Fritzdorf 1958 e. V."]
[PlyCount "87"]
[WhiteFideId "34608354"]
[BlackFideId "34608265"]
[EventCountry "GER"]
[EventRounds "7"]
[EventType "team-swiss"]
[EventDate "2021.08.04"]

1. e4 {[%clk 01:30:58]} e5 {[%clk 01:30:25]} 2. Nf3 {[%clk 01:31:21]} Nc6
{[%clk 01:30:36]} 3. d4 {[%clk 01:31:31]} d6 {[%clk 01:28:55]} {[%emt
00:00:05]} 4. dxe5 {[%clk 01:31:47]} dxe5 {[%clk 01:29:13]} 5. Qxd8+ {[%clk
01:32:10]} Kxd8 {[%clk 01:29:31]} {[%emt 00:00:04]} 6. Nc3 {[%clk 01:32:33]}
Nf6 {[%clk 01:29:08]} 7. Bg5 {[%clk 01:32:53]} h6 {[%clk 01:28:37]} 8. O-O-O+
{[%clk 01:33:04]} {[%emt 00:00:04]} Bd6 {[%clk 01:28:32]} 9. Bxf6+ {[%clk
01:32:41]} gxf6 {[%clk 01:28:28]} 10. Nd5 {[%clk 01:33:02]} f5 {[%clk
01:27:39]} 11. Bd3 {[%clk 01:32:34]} {[%emt 00:02:10]} f4 {[%clk 01:27:31]} 12.
Rhe1 {[%clk 01:32:47]} Be6 {[%clk 01:24:23]} {[%emt 00:14:20]} 13. a3 {[%clk
01:31:05]} Bxd5 {[%clk 01:23:41]} 14. exd5 {[%clk 01:31:27]} Ne7 {[%clk
01:23:54]} 15. Nxe5 {[%clk 01:31:33]} Bxe5 {[%clk 01:23:13]} {[%emt 00:00:07]}
16. Rxe5 {[%clk 01:31:56]} f6 {[%clk 01:23:30]} 17. Re6 {[%clk 01:32:19]} Nxd5
{[%clk 01:23:24]} 18. Be4 {[%clk 01:32:23]} c6 {[%clk 01:22:25]} {[%emt
00:00:05]} 19. Rxf6 {[%clk 01:32:34]} Ke7 {[%clk 01:22:08]} 20. Rf5 {[%clk
01:32:31]} Ke6 {[%clk 01:21:05]} {[%emt 00:00:11]} 21. c4 {[%clk 01:32:24]}
{[%emt 00:00:50]} Nf6 {[%clk 01:19:55]} {[%emt 00:18:06]} 22. Rxf4 {[%clk
01:32:28]} Ke5 {[%clk 01:20:06]} 23. g3 {[%clk 01:32:52]} Rad8 {[%clk
01:17:29]} 24. Re1 {[%clk 01:32:27]} Nxe4 {[%clk 01:14:39]} {[%emt 00:00:05]}
25. Rfxe4+ {[%clk 01:32:19]} Kf5 {[%clk 01:14:53]} 26. h4 {[%clk 01:32:08]} Rd6
{[%clk 01:14:43]} 27. g4+ {[%clk 01:31:42]} Kg6 {[%clk 01:13:45]} {[%emt
00:02:13]} 28. f4 {[%clk 01:30:31]} Rhd8 {[%clk 01:13:12]} 29. f5+ {[%clk
01:30:31]} Kf6 {[%clk 01:13:27]} 30. Re6+ {[%clk 01:30:30]} Kf7 {[%clk
01:13:11]} {[%emt 00:00:05]} 31. Rxd6 {[%clk 01:30:32]} Rxd6 {[%clk 01:13:29]}
32. Re4 {[%clk 01:29:37]} {[%emt 00:00:41]} Rd3 {[%clk 01:13:32]} {[%emt
00:00:28]} 33. Kc2 Rh3 {[%clk 01:13:32]} 34. g5 hxg5 {[%clk 01:13:32]} 35. hxg5
Rh5 {[%clk 01:13:32]} 36. Rg4 Rh2+ {[%clk 01:13:32]} 37. Kc3 Rh3+ {[%clk
01:13:32]} 38. Kd4 b6 {[%clk 01:13:32]} 39. g6+ Kg7 {[%clk 01:13:32]} 40. f6+
Kxf6 {[%clk 01:13:32]} 41. g7 Kf5 {[%clk 01:13:32]} 42. g8=Q c5+ {[%clk
01:13:32]} 43. Kd5 Rd3+ {[%clk 01:13:32]} 44. Kc6 1-0

[Event "DVM U12 2020"]
[Site "Magdeburg GER"]
[Date "2021.08.06"]
[Round "4"]
[White "Sinka, Silas"]
[Black "Semling, Julius"]
[Result "1-0"]
[Termination "normal"]
[Board "6.1"]
[WhiteElo "1344"]
[BlackElo "1318"]
[WhiteClock "01:13:47"]
[BlackClock "01:10:27"]
[WhiteTeam "SV Hellas Nauen e.V."]
[BlackTeam "SC Brandeck-Turm Ohlsbach e.V."]
[PlyCount "57"]
[WhiteFideId "16265823"]
[BlackFideId "16290160"]
[EventCountry "GER"]
[EventRounds "7"]
[EventType "team-swiss"]
[EventDate "2021.08.04"]

1. d4 {[%clk 01:30:58]} {[%emt 00:06:39]} d5 {[%clk 01:30:56]} 2. c4 {[%clk
01:31:23]} e6 {[%clk 01:31:24]} 3. Nf3 {[%clk 01:31:46]} c6 {[%clk 01:31:49]}
4. e3 {[%clk 01:32:06]} Bd6 {[%clk 01:32:09]} 5. b3 {[%clk 01:32:27]} f5 {[%clk
01:32:22]} 6. Bd3 {[%clk 01:32:38]} Nf6 {[%clk 01:32:46]} 7. Nbd2 {[%clk
01:32:50]} O-O {[%clk 01:32:55]} 8. Bb2 {[%clk 01:33:15]} Ne4 {[%clk 01:32:19]}
9. Qc2 {[%clk 01:33:21]} Nd7 {[%clk 01:32:25]} {[%emt 00:00:06]} 10. O-O-O
{[%clk 01:32:53]} Nxf2 {[%clk 01:32:39]} 11. Rhg1 {[%clk 01:32:52]} Nxd1 {[%clk
01:33:02]} 12. Kxd1 {[%clk 01:33:07]} Nf6 {[%clk 01:32:57]} 13. Ne5 {[%clk
01:33:01]} Ne4 {[%clk 01:33:05]} {[%emt 00:04:18]} 14. Kc1 {[%clk 01:32:39]}
Bd7 {[%clk 01:29:33]} {[%emt 00:00:47]} 15. g4 {[%clk 01:31:53]} {[%emt
00:01:16]} Bxe5 {[%clk 01:29:24]} {[%emt 00:00:38]} 16. dxe5 {[%clk 01:32:09]}
{[%emt 00:07:17]} Qg5 {[%clk 01:29:24]} 17. Nf1 {[%clk 01:25:53]} {[%emt
00:07:05]} Rf7 {[%clk 01:23:02]} 18. Rg2 {[%clk 01:21:44]} {[%emt 00:06:22]}
fxg4 {[%clk 01:21:50]} 19. h3 {[%clk 01:21:12]} {[%emt 00:01:08]} Raf8 {[%clk
01:22:05]} {[%emt 00:00:28]} 20. Ba3 {[%clk 01:21:00]} {[%emt 00:00:22]} Rxf1+
{[%clk 01:22:32]} {[%emt 00:02:03]} 21. Bxf1 {[%clk 01:20:38]} Rxf1+ {[%clk
01:23:01]} 22. Kb2 {[%clk 01:20:39]} Qxe3 {[%clk 01:20:34]} {[%emt 00:02:16]}
23. Bd6 {[%clk 01:19:26]} {[%emt 00:01:45]} Qd4+ {[%clk 01:20:54]} {[%emt
00:00:13]} 24. Ka3 {[%clk 01:19:30]} {[%emt 00:00:50]} dxc4 {[%clk 01:17:14]}
{[%emt 00:10:02]} 25. Rxg4 {[%clk 01:17:06]} Re1 {[%clk 01:09:58]} {[%emt
00:04:24]} 26. Rf4 {[%clk 01:14:14]} {[%emt 00:04:24]} g6 {[%clk 01:09:38]} 27.
Rf8+ {[%clk 01:14:14]} {[%emt 00:00:26]} Kg7 {[%clk 01:10:06]} 28. Rd8 {[%clk
01:13:55]} {[%emt 00:03:43]} Nxd6 {[%clk 01:10:27]} 29. Rxd7+ {[%clk 01:13:47]}
1-0

[Event "DVM U12 2020"]
[Site "Magdeburg GER"]
[Date "2021.08.06"]
[Round "4"]
[White "Felder, Aron"]
[Black "Börner, Eric"]
[Result "0-1"]
[Termination "normal"]
[Board "6.4"]
[WhiteElo "1058"]
[BlackElo "1005"]
[WhiteClock "01:02:31"]
[BlackClock "00:19:11"]
[WhiteTeam "SC Brandeck-Turm Ohlsbach e.V."]
[BlackTeam "SV Hellas Nauen e.V."]
[PlyCount "62"]
[WhiteFideId "16242734"]
[BlackFideId "34608362"]
[EventCountry "GER"]
[EventRounds "7"]
[EventType "team-swiss"]
[EventDate "2021.08.04"]

1. e4 {[%clk 01:30:57]} {[%emt 00:00:05]} e5 {[%clk 01:30:55]} {[%emt
00:00:09]} 2. Nf3 {[%clk 01:31:19]} {[%emt 00:00:08]} Nc6 {[%clk 01:31:16]}
{[%emt 00:05:12]} 3. Bc4 {[%clk 01:31:35]} Bc5 {[%clk 01:31:38]} 4. c3 {[%clk
01:31:49]} Nf6 {[%clk 01:31:21]} 5. d3 {[%clk 01:32:06]} d6 {[%clk 01:31:27]}
{[%emt 00:00:05]} 6. Nbd2 {[%clk 01:32:19]} Be6 {[%clk 01:31:14]} 7. Bb5 {[%clk
01:32:11]} O-O {[%clk 01:30:22]} 8. O-O {[%clk 01:32:28]} {[%emt 00:00:11]} a6
{[%clk 01:27:36]} {[%emt 00:03:06]} 9. Ba4 {[%clk 01:30:41]} {[%emt 00:07:29]}
Ne7 {[%clk 01:17:12]} {[%emt 00:06:44]} 10. Re1 {[%clk 01:30:46]} Ng4 {[%clk
01:13:23]} {[%emt 00:10:25]} 11. d4 {[%clk 01:29:42]} exd4 {[%clk 01:12:13]}
12. cxd4 {[%clk 01:30:03]} Bb6 {[%clk 01:11:01]} 13. Nf1 {[%clk 01:27:20]}
{[%emt 00:01:34]} Ng6 {[%clk 01:05:27]} {[%emt 00:06:10]} 14. h3 {[%clk
01:25:58]} {[%emt 00:01:47]} Nf6 {[%clk 00:56:41]} {[%emt 00:16:56]} 15. Ng3
{[%clk 01:25:29]} Qc8 {[%clk 00:46:14]} {[%emt 00:17:45]} 16. Ng5 {[%clk
01:17:25]} Bd7 {[%clk 00:36:24]} {[%emt 00:15:54]} 17. Bxd7 {[%clk 01:17:22]}
Qxd7 {[%clk 00:34:36]} 18. Nf5 {[%clk 01:13:28]} Rfe8 {[%clk 00:28:19]} {[%emt
00:09:52]} 19. Ng3 {[%clk 01:12:48]} d5 {[%clk 00:27:02]} 20. e5 {[%clk
01:12:01]} Ne4 {[%clk 00:23:42]} {[%emt 00:01:47]} 21. N5xe4 {[%clk 01:12:05]}
{[%emt 00:00:23]} dxe4 {[%clk 00:23:27]} {[%emt 00:03:33]} 22. Rxe4 {[%clk
01:11:18]} Qd5 {[%clk 00:22:46]} 23. Re1 {[%clk 01:06:35]} {[%emt 00:15:18]}
Qxd4 {[%clk 00:20:27]} 24. Qxd4 {[%clk 01:05:50]} Bxd4 {[%clk 00:20:44]} 25.
Be3 {[%clk 01:05:40]} Bxe3 {[%clk 00:19:51]} 26. Rxe3 {[%clk 01:06:02]} {[%emt
00:00:05]} Rxe5 {[%clk 00:20:15]} 27. Rd3 {[%clk 01:05:49]} Ree8 {[%clk
00:19:18]} 28. Rc1 {[%clk 01:03:10]} {[%emt 00:01:21]} c6 {[%clk 00:19:29]}
{[%emt 00:00:19]} 29. Nf5 {[%clk 01:02:40]} {[%emt 00:01:00]} Nf4 {[%clk
00:19:17]} {[%emt 00:01:01]} 30. Nd6 {[%clk 01:02:13]} {[%emt 00:02:31]} Nxd3
{[%clk 00:19:11]} 31. Nxe8 {[%clk 01:02:31]} Nxc1 {[%emt 00:00:04]} 0-1

[Event "DVM U12 2020"]
[Site "Magdeburg GER"]
[Date "2021.08.06"]
[Round "4"]
[White "Puchas, Henrik"]
[Black "Huber, Benedikt"]
[Result "0-1"]
[Termination "normal"]
[Board "7.1"]
[WhiteElo "1539"]
[BlackElo "1613"]
[WhiteClock "00:27:03"]
[BlackClock "00:24:46"]
[WhiteTeam "SV Vimbuch"]
[BlackTeam "SK Kelheim 1920"]
[PlyCount "92"]
[WhiteFideId "16257995"]
[BlackFideId "16281225"]
[EventCountry "GER"]
[EventRounds "7"]
[EventType "team-swiss"]
[EventDate "2021.08.04"]

1. e4 {[%clk 01:30:52]} {[%emt 00:00:05]} e6 {[%clk 01:30:53]} {[%emt
00:00:05]} 2. d4 {[%clk 01:31:05]} {[%emt 00:00:18]} d5 {[%clk 01:31:19]}
{[%emt 00:00:06]} 3. exd5 {[%clk 01:31:11]} {[%emt 00:00:28]} exd5 {[%clk
01:31:45]} 4. c4 {[%clk 01:31:05]} {[%emt 00:00:38]} Nf6 {[%clk 01:32:11]} 5.
Nc3 {[%clk 01:30:59]} {[%emt 00:00:55]} Be7 {[%clk 01:32:29]} 6. Nf3 {[%clk
01:31:03]} {[%emt 00:00:18]} O-O {[%clk 01:32:42]} {[%emt 00:00:17]} 7. Bd3
{[%clk 01:29:49]} {[%emt 00:01:46]} dxc4 {[%clk 01:31:50]} {[%emt 00:01:24]} 8.
Bxc4 {[%clk 01:30:08]} {[%emt 00:03:38]} Bg4 {[%clk 01:31:25]} 9. O-O {[%clk
01:29:48]} Nc6 {[%clk 01:29:29]} {[%emt 00:00:39]} 10. d5 {[%clk 01:26:47]}
{[%emt 00:06:34]} Ne5 {[%clk 01:29:07]} 11. Be2 {[%clk 01:26:32]} Nxf3+ {[%clk
01:27:07]} {[%emt 00:03:17]} 12. Bxf3 {[%clk 01:26:49]} Bxf3 {[%clk 01:27:32]}
13. Qxf3 {[%clk 01:27:06]} Bb4 {[%clk 01:25:07]} {[%emt 00:01:14]} 14. Bg5
{[%clk 01:24:56]} {[%emt 00:02:39]} h6 {[%clk 01:07:48]} {[%emt 00:17:48]} 15.
Bxf6 {[%clk 01:21:39]} {[%emt 00:05:06]} Qxf6 {[%clk 01:08:11]} 16. Qxf6 {[%clk
01:21:22]} gxf6 {[%clk 01:08:26]} 17. Nb5 {[%clk 01:20:50]} {[%emt 00:00:59]}
Ba5 {[%clk 01:05:23]} {[%emt 00:03:31]} 18. Rac1 {[%clk 01:21:11]} {[%emt
00:01:40]} Rfc8 {[%clk 01:04:26]} 19. Rc2 {[%clk 01:04:06]} {[%emt 00:17:46]}
a6 {[%clk 01:02:29]} {[%emt 00:02:08]} 20. Nd4 {[%clk 01:02:43]} {[%emt
00:05:04]} Rd8 {[%clk 00:59:00]} {[%emt 00:00:48]} 21. Nf5 {[%clk 01:02:21]}
{[%emt 00:01:01]} Kh7 {[%clk 00:58:45]} {[%emt 00:09:48]} 22. Rd1 {[%clk
01:00:39]} Rd7 {[%clk 00:52:24]} 23. Rc4 {[%clk 00:58:16]} {[%emt 00:06:58]}
Re8 {[%clk 00:46:06]} {[%emt 00:17:09]} 24. Ne3 {[%clk 00:51:22]} Bb6 {[%clk
00:38:23]} {[%emt 00:01:19]} 25. Rc3 {[%clk 00:48:30]} {[%emt 00:03:24]} f5
{[%clk 00:29:06]} {[%emt 00:13:08]} 26. Kf1 {[%clk 00:44:53]} {[%emt 00:06:33]}
Bxe3 {[%clk 00:27:23]} 27. Rxe3 {[%clk 00:44:52]} Rxe3 {[%clk 00:26:52]} 28.
fxe3 {[%clk 00:45:17]} c6 {[%clk 00:26:53]} {[%emt 00:00:05]} 29. d6 {[%clk
00:45:42]} Kg6 {[%clk 00:25:46]} 30. Kf2 {[%clk 00:46:08]} Kf6 {[%clk
00:26:09]} 31. Kf3 {[%clk 00:46:31]} {[%emt 00:00:06]} Ke6 {[%clk 00:26:29]}
{[%emt 00:00:18]} 32. Kf4 {[%clk 00:46:57]} c5 {[%clk 00:13:33]} {[%emt
00:14:58]} 33. b3 {[%clk 00:28:18]} {[%emt 00:33:26]} Rxd6 {[%clk 00:11:58]}
34. Rxd6+ {[%clk 00:26:03]} Kxd6 {[%clk 00:12:21]} 35. Kxf5 {[%clk 00:26:30]}
b5 {[%clk 00:12:20]} 36. Ke4 {[%clk 00:26:31]} {[%emt 00:00:04]} Ke6 {[%clk
00:09:59]} 37. g4 {[%clk 00:26:15]} Kd6 {[%clk 00:07:11]} 38. h4 {[%clk
00:23:09]} {[%emt 00:00:33]} Ke6 {[%clk 00:05:49]} {[%emt 00:01:52]} 39. Kd3
{[%clk 00:15:06]} {[%emt 00:08:37]} Kd5 {[%clk 00:04:29]} {[%emt 00:21:33]} 40.
a4 {[%clk 00:07:19]} f6 {[%clk 00:02:49]} 41. axb5 {[%clk 00:30:21]} axb5
{[%clk 00:33:15]} 42. e4+ {[%clk 00:30:43]} Kd6 {[%clk 00:32:45]} 43. Kd2
{[%clk 00:28:35]} {[%emt 00:02:02]} Ke6 {[%clk 00:30:35]} {[%emt 00:02:36]} 44.
Kd3 {[%clk 00:28:40]} {[%emt 00:00:26]} Ke5 {[%clk 00:25:51]} {[%emt 00:05:13]}
45. Ke3 {[%clk 00:29:03]} {[%emt 00:00:06]} c4 {[%clk 00:24:46]} {[%emt
00:01:37]} 46. bxc4 {[%clk 00:27:03]} {[%emt 00:02:28]} bxc4 {[%emt 00:01:19]}
0-1

[Event "DVM U12 2020"]
[Site "Magdeburg GER"]
[Date "2021.08.06"]
[Round "4"]
[White "Neumeier, Konstantin"]
[Black "Feuerer, Dominik"]
[Result "1-0"]
[Termination "normal"]
[Board "7.2"]
[WhiteElo "1097"]
[BlackElo "926"]
[WhiteClock "01:14:15"]
[BlackClock "00:58:48"]
[WhiteTeam "SK Kelheim 1920"]
[BlackTeam "SV Vimbuch"]
[PlyCount "121"]
[WhiteFideId "34608230"]
[BlackFideId "34608311"]
[EventCountry "GER"]
[EventRounds "7"]
[EventType "team-swiss"]
[EventDate "2021.08.04"]

1. e4 {[%clk 01:30:57]} {[%emt 00:00:04]} e5 {[%clk 01:30:56]} {[%emt
00:00:08]} 2. Nf3 {[%clk 01:31:21]} Nc6 {[%clk 01:31:19]} {[%emt 00:06:01]} 3.
Nc3 {[%clk 01:31:41]} Nf6 {[%clk 01:31:34]} 4. a3 {[%clk 01:32:02]} Bc5 {[%clk
01:31:16]} 5. Nxe5 {[%clk 01:32:13]} Nxe5 {[%clk 01:31:19]} 6. d4 {[%clk
01:32:33]} Bxd4 {[%clk 01:31:17]} 7. Qxd4 {[%clk 01:32:56]} Nc6 {[%clk
01:31:25]} 8. Qd1 {[%clk 01:33:05]} {[%emt 00:00:08]} O-O {[%clk 01:31:29]}
{[%emt 00:00:05]} 9. Bg5 {[%clk 01:33:22]} h6 {[%clk 01:31:41]} 10. Bh4 {[%clk
01:33:41]} d6 {[%clk 01:31:12]} 11. Nd5 {[%clk 01:33:41]} {[%emt 00:00:12]} Re8
{[%clk 01:28:52]} {[%emt 00:15:12]} 12. Nxf6+ {[%clk 01:33:33]} gxf6 {[%clk
01:28:57]} 13. f3 {[%clk 01:33:26]} d5 {[%clk 01:26:37]} 14. Qd3 {[%clk
01:31:26]} Bf5 {[%clk 01:24:49]} {[%emt 00:08:22]} 15. O-O-O {[%clk 01:31:20]}
Be6 {[%clk 01:23:48]} 16. exd5 {[%clk 01:29:32]} Ne5 {[%clk 01:20:53]} 17. Qb3
{[%clk 01:28:27]} Bf5 {[%clk 01:19:54]} {[%emt 00:00:09]} 18. Qxb7 {[%clk
01:27:39]} {[%emt 00:10:05]} Ng6 {[%clk 01:19:02]} 19. Bg3 {[%clk 01:27:17]}
Ne5 {[%clk 01:14:42]} 20. Bh4 {[%clk 01:26:37]} Ng6 {[%clk 01:14:38]} 21. Bf2
{[%clk 01:26:58]} a5 {[%clk 01:13:31]} {[%emt 00:01:14]} 22. Bb5 {[%clk
01:25:50]} {[%emt 00:07:49]} Rb8 {[%clk 01:12:35]} 23. Qa6 {[%clk 01:25:30]}
Ra8 {[%clk 01:12:27]} 24. Ba7 {[%clk 01:25:42]} Re5 {[%clk 01:11:24]} 25. Bc6
{[%clk 01:24:31]} {[%emt 00:08:48]} Qd6 {[%clk 01:09:37]} 26. Qxa5 {[%clk
01:22:58]} Qxc6 {[%clk 01:09:07]} 27. Qd2 {[%clk 01:21:29]} {[%emt 00:00:59]}
Rxd5 {[%clk 01:09:10]} 28. Qe2 {[%clk 01:20:00]} Rxa7 {[%clk 01:08:39]} {[%emt
00:01:09]} 29. Rxd5 {[%clk 01:19:59]} {[%emt 00:00:22]} Qxd5 {[%clk 01:08:57]}
{[%emt 00:03:39]} 30. Qe3 {[%clk 01:19:20]} Ra8 {[%clk 01:06:37]} {[%emt
00:00:32]} 31. Qxh6 {[%clk 01:19:16]} {[%emt 00:00:56]} Qc5 {[%clk 01:05:52]}
{[%emt 00:00:53]} 32. Qd2 {[%clk 01:19:09]} {[%emt 00:11:00]} Ne5 {[%clk
01:02:48]} 33. c3 {[%clk 01:19:17]} Nc4 {[%clk 01:02:26]} 34. Qe2 {[%clk
01:18:27]} Rxa3 {[%clk 01:01:18]} 35. Qe8+ {[%clk 01:16:52]} {[%emt 00:00:04]}
Qf8 {[%clk 01:01:29]} 36. Qxf8+ {[%clk 01:17:08]} Kxf8 {[%clk 01:01:33]} {[%emt
00:00:28]} 37. bxa3 {[%clk 01:17:26]} {[%emt 00:00:09]} Nxa3 {[%clk 01:01:30]}
{[%emt 00:02:28]} 38. Kb2 {[%clk 01:17:07]} Nc4+ 39. Kb3 {[%clk 01:17:21]} Be6
{[%clk 01:01:41]} 40. Ra1 {[%clk 01:16:44]} {[%emt 00:01:10]} Na5+ {[%clk
01:01:10]} {[%emt 00:00:57]} 41. Kb4 {[%clk 01:16:29]} {[%emt 00:00:42]} Nc6+
{[%clk 01:01:27]} {[%emt 00:00:34]} 42. Kc5 {[%clk 01:16:33]} {[%emt 00:00:04]}
Bd7 {[%clk 01:00:16]} {[%emt 00:02:03]} 43. Ra8+ {[%clk 01:16:20]} {[%emt
00:00:24]} Ke7 {[%clk 01:00:29]} {[%emt 00:07:29]} 44. h4 {[%clk 01:16:07]} Ne5
{[%clk 01:00:17]} 45. h5 {[%clk 01:16:18]} Nd3+ {[%clk 01:00:20]} 46. Kd4
{[%clk 01:16:17]} Bf5 {[%clk 00:59:50]} {[%emt 00:00:17]} 47. Ra7 {[%clk
01:15:55]} Kd6 {[%clk 01:00:06]} 48. g4 {[%clk 01:15:12]} c5+ {[%clk 01:00:25]}
49. Ke3 {[%clk 01:14:53]} Bh7 {[%clk 00:59:29]} {[%emt 00:00:57]} 50. Rxf7
{[%clk 01:14:59]} {[%emt 00:02:07]} Bg8 {[%clk 00:59:32]} 51. Rf8 {[%clk
01:15:06]} Bh7 {[%clk 00:59:13]} 52. Rxf6+ {[%clk 01:15:20]} {[%emt 00:00:13]}
Ke5 {[%clk 00:59:29]} {[%emt 00:00:12]} 53. Rf7 {[%clk 01:15:21]} {[%emt
00:00:27]} Bg8 {[%clk 00:59:17]} {[%emt 00:00:45]} 54. Rg7 {[%clk 01:15:35]}
{[%emt 00:00:35]} Bd5 {[%clk 00:59:12]} {[%emt 00:00:14]} 55. Rg5+ {[%clk
01:15:25]} {[%emt 00:00:40]} Ke6 {[%clk 00:58:38]} {[%emt 00:01:05]} 56. Rxd5
{[%clk 01:14:24]} {[%emt 00:01:34]} Nb2 {[%clk 00:58:29]} {[%emt 00:03:30]} 57.
Rxc5 {[%clk 01:14:06]} Nd1+ {[%clk 00:58:47]} 58. Kd2 {[%clk 01:14:09]} Nb2
{[%clk 00:58:22]} 59. h6 {[%clk 01:14:03]} {[%emt 00:00:09]} Na4 {[%clk
00:58:32]} {[%emt 00:00:13]} 60. Rc4 {[%clk 01:13:54]} {[%emt 00:00:40]} Nb6
{[%clk 00:58:48]} {[%emt 00:00:14]} 61. Rc6+ {[%clk 01:14:15]} {[%emt
00:00:09]} 1-0